LIBRARY & INFORMATION CENTRE, KCAET, TAVANUR

ONLINE PUBLIC ACCESS CATALOGUE (OPAC)

SPATIO-TEMPORAL GROUNDWATER DROUGHT ASSESSMENT BASED ON ANN MODEL AND GIS FOR A SUB-BASIN OF BHARATHAPUZHA (Record no. 17731)

MARC details
000 -LEADER
fixed length control field 00396nam a22001457a 4500
003 - CONTROL NUMBER IDENTIFIER
control field OSt
082 ## - DEWEY DECIMAL CLASSIFICATION NUMBER
Classification number 631.587
Item number RAB/SP
088 ## - REPORT NUMBER
Report number 592
100 ## - MAIN ENTRY--AUTHOR NAME
Personal name RABEEA ASSAINAR K K
245 ## - TITLE STATEMENT
Title SPATIO-TEMPORAL GROUNDWATER DROUGHT ASSESSMENT BASED ON ANN MODEL AND GIS FOR A SUB-BASIN OF BHARATHAPUZHA
260 ## - PUBLICATION, DISTRIBUTION, ETC. (IMPRINT)
Place of publication TAVANUR
Year of publication 2023
300 ## - PHYSICAL DESCRIPTION
Number of Pages 150
700 ## - ADDED ENTRY--PERSONAL NAME
Personal name ASHA JOSEPH (GUIDE)
942 ## - ADDED ENTRY ELEMENTS (KOHA)
Koha item type Theses
Holdings
Collection code Home library Current library Full call number Accession Number Koha item type Public note
Reference KAUAET KAUAET 631.587 RAB/SP T 592 Theses M.Tech Thesis
free website counter